000 01035nam0a22002531 4500
001 rc\478701
005 20250621101253.0
035 _a(NLR Aleph) 005721825
090 _a7487401
_c7487401
100 _a20030616d1988 |||y0rusy50 ca
101 0 _arus
102 _aRU
105 _aa |||||||||
200 1 _aМАТЕМАТИЧЕСКОЕ моделирование гидросистем энергопитания с нерегулируемыми насосами
_fГ.К. Боровин, А.Г. Евдокимов, В.И. Мелихов и др.
210 _aМ.
_cИПМ
_d1988
215 _a29 с.
_cил.
_d20
225 1 _aПрепринт
_fИн-т прикл. математики им. М.В. Келдыша АН СССР
_v№ 8
320 _aБиблиогр.: с. 18-19
701 1 _7ca
_8rus
_aБоровин
_bГ. К.
_f1940-
_gГеннадий Константинович
_9164916
_3RU\NLR\AUTH\770164960
801 0 _aRU
_bNLR
_gpsbo
801 1 _aRU
_bELAR
_2rusmarc
852 _aNLR
_j88-4/23013
942 _cBOOK
980 _aNB